[Event "Offenes Qualifikationsturnier"]
[Site "Berlin"]
[Date "2012.04.13"]
[Round "8.12"]
[White "Mahler, Sonja"]
[Black "Heerde, Thomas"]
[Result "0-1"]
[WhiteElo "1635"]
[BlackElo "1927"]
[PlyCount "104"]
[EventDate "2012.??.??"]
[WhiteTeam "SC Kreuzberg"]
[BlackTeam "SC Weisse Dame"]

1. d4 Nf6 2. Bf4 g6 3. e3 Bg7 4. Nf3 O-O 5. c4 c5 6. Bd3 Nc6 7. d5 Nb4 8. Be2
Ne4 9. Qc1 d6 10. O-O e5 11. dxe6 Bxe6 12. Rd1 Qf6 13. Nbd2 Nxd2 14. Rxd2 Qf5
15. a3 Nc6 16. Bd3 Qh5 17. Bxd6 Rfd8 18. Be2 Na5 19. Bd1 Qg4 20. Nd4 Qe4 21.
Bf3 Qh4 22. Bg3 Qh6 23. Nxe6 Rxd2 24. Nxg7 Nb3 25. Qc3 Nxa1 26. Qxd2 Qxg7 27.
h4 Qf6 28. Bd1 b5 29. cxb5 c4 30. Bf4 Nb3 31. Qc2 Rc8 32. Be2 Qe6 33. a4 f6 34.
Qd1 Kg7 35. Bf3 Rc5 36. e4 h6 37. Be3 Rc7 38. h5 Rd7 39. Qc2 Nd4 40. Bxd4 Rxd4
41. hxg6 Kxg6 42. Qe2 Qe5 43. g3 h5 44. Bg2 Qg5 45. Bh3 Qd2 46. Bf5+ Kh6 47.
Qf3 Qc1+ 48. Kh2 Rd3 49. Qg2 Qxb2 50. e5 Rd2 51. Kg1 Qxe5 52. g4 Rd1+ 0-1

[Event "Offenes Qualifikationsturnier"]
[Site "Berlin"]
[Date "2012.04.13"]
[Round "8.13"]
[White "Muenstermann, Claudia"]
[Black "Krueger, Robin Kevin"]
[Result "0-1"]
[WhiteElo "1792"]
[BlackElo "1181"]
[PlyCount "56"]
[EventDate "2012.??.??"]
[WhiteTeam "SC Weisse Dame"]
[BlackTeam "SC Schwarz-Weiß Lichtenrade"]

1. e4 e6 2. d4 d5 3. exd5 exd5 4. Bd3 Nc6 5. c3 Bd6 6. Qf3 Be6 7. Ne2 Nce7 8.
O-O c6 9. Bf4 Ng6 10. Bxd6 Qxd6 11. Ng3 N8e7 12. Nd2 O-O-O 13. b4 Nf4 14. Bc2
h5 15. Rfe1 g5 16. Qe3 Rdg8 17. Nf3 f6 18. h4 Neg6 {(=)} 19. hxg5 fxg5 20. Bxg6
Rxg6 21. Ne5 Rf6 22. Ne2 h4 23. Nxf4 gxf4 24. Qf3 h3 25. Kh2 hxg2+ 26. Kxg2
Bh3+ 27. Kg1 Rg8+ 28. Kh2 Bd7 0-1

[Event "Offenes Qualifikationsturnier"]
[Site "Berlin"]
[Date "2012.04.13"]
[Round "8.14"]
[White "Kostre, Margarita"]
[Black "Gnass, Erhard"]
[Result "1-0"]
[WhiteElo "1789"]
[BlackElo "1543"]
[PlyCount "67"]
[EventDate "2012.??.??"]
[WhiteTeam "Schachpinguine Berlin"]
[BlackTeam "SK Zehlendorf"]

1. e4 e5 2. Nf3 Nc6 3. Bb5 Nf6 4. O-O Be7 5. Re1 O-O 6. Bxc6 dxc6 7. Nxe5 Re8
8. Nc3 Bd6 9. Nf3 Bb4 10. d3 Bg4 11. h3 Bxf3 12. Qxf3 Qc8 13. Bf4 Bxc3 14. bxc3
h6 15. Bxh6 gxh6 16. Qxf6 Re6 17. Qh4 Rg6 18. Re3 Kh7 19. Qf4 Qd7 20. Rf3 Rf8
21. Re1 Qe7 22. Ree3 Qg5 23. Qxg5 hxg5 24. Rf5 b6 25. Ref3 Kg7 26. Re5 c5 27.
Re7 Rc6 28. Rf5 Kg6 29. Rd5 b5 30. Rdd7 Ra6 31. Rxc7 Rxa2 32. Rxc5 Rxc2 33.
Rxa7 b4 34. cxb4 1-0

[Event "Offenes Qualifikationsturnier"]
[Site "Berlin"]
[Date "2012.04.13"]
[Round "8.15"]
[White "Gebigke, Lena"]
[Black "Leyrer, Edgar"]
[Result "1-0"]
[WhiteElo "1444"]
[BlackElo "1246"]
[PlyCount "86"]
[EventDate "2012.??.??"]
[WhiteTeam "SV Berolina Mitte"]
[BlackTeam "SV Königsjäger Süd-West"]

1. d4 d5 2. Nf3 Nf6 3. g3 Bg4 4. Bg2 e6 5. O-O Be7 6. c4 c6 7. Nc3 O-O 8. Qc2
Bf5 9. Qb3 Qc7 10. Bf4 Qc8 11. Rac1 Nh5 12. Bd2 Bd6 13. cxd5 exd5 14. Nxd5 Qe6
15. Ne3 Qxb3 16. axb3 Be6 17. Nc4 Bc7 18. b4 Bd5 19. Rfe1 Re8 20. b5 Nd7 21.
Ne3 Be4 22. d5 c5 23. Nc4 b6 24. d6 Bd8 25. Bh3 f5 26. Bc3 Bf6 27. Nfd2 g6 28.
g4 Bxc3 29. gxh5 Bxd2 30. Nxd2 Bb7 31. Nc4 Ne5 32. b3 Rad8 33. Rcd1 Re6 34.
Nxe5 Rxe5 35. Rd2 Bd5 36. f4 Re3 37. Bxf5 gxf5 38. Rxd5 Rxb3 39. Red1 Rxb5 40.
Rxf5 a5 41. e4 a4 42. e5 c4 43. Rg5+ Kf7 1-0

[Event "Offenes Qualifikationsturnier"]
[Site "Berlin"]
[Date "2012.04.13"]
[Round "8.16"]
[White "Tscheuschner, Georg"]
[Black "Schildt, Rene"]
[Result "1/2-1/2"]
[WhiteElo "1942"]
[BlackElo "2041"]
[PlyCount "63"]
[EventDate "2012.??.??"]
[WhiteTeam "SG Grün-Weiß Baumschulenweg"]
[BlackTeam "SC Zugzwang 95"]

1. c4 Nf6 2. Nc3 c5 3. g3 g6 4. Bg2 Nc6 5. Nf3 Bg7 6. d4 cxd4 7. Nxd4 O-O 8.
O-O Ne8 9. Bxc6 e5 10. Bg2 exd4 11. Nd5 Nc7 12. Nxc7 Qxc7 13. b3 Re8 14. Bf4 d6
15. Rc1 Be5 16. Qd2 Bd7 17. e3 dxe3 18. Bxe3 Bc6 19. Bd5 a5 20. h4 Qd7 21. Kg2
Qg4 22. Qd1 Qe6 23. Qf3 Qd7 24. h5 Re6 25. hxg6 hxg6 26. Rh1 Bg7 27. Rh2 Rf6
28. Qe4 Rf5 29. Qd3 Qe6 30. Bxc6 bxc6 31. Bd4 Bf6 32. Rhh1 1/2-1/2

[Event "Offenes Qualifikationsturnier"]
[Site "Berlin"]
[Date "2012.04.13"]
[Round "8.17"]
[White "Stoeckel, Johannes"]
[Black "Schmidt, Juergen"]
[Result "0-1"]
[WhiteElo "1899"]
[BlackElo "2035"]
[PlyCount "118"]
[EventDate "2012.??.??"]
[WhiteTeam "SC Weisse Dame"]
[BlackTeam "SC Kreuzberg"]

1. Nf3 Nf6 2. c4 e6 3. g3 d5 4. Bg2 Be7 5. O-O O-O 6. d4 Nbd7 7. cxd5 exd5 8.
Nc3 c6 9. Qc2 Re8 10. Re1 Bb4 11. Bd2 Nf8 12. a3 Bxc3 13. Bxc3 Ne4 14. Nd2 Ng5
15. e4 Bh3 16. e5 Bxg2 17. Kxg2 Qd7 18. f4 Qh3+ 19. Kg1 Nge6 20. Nf3 h6 21. Qg2
Qxg2+ 22. Kxg2 g6 23. h4 {(=)} Ng7 24. Nh2 h5 25. Nf3 Nfe6 26. Ng5 Nf5 27. Nxe6
fxe6 28. b4 Rec8 29. Bb2 Rc7 30. Kf3 Nh6 31. Rac1 Rac8 32. Rc2 b6 33. Rec1 Kf7
34. Rc3 Ke7 35. R3c2 Kd7 36. Ba1 Ng4 37. Bb2 Nh6 38. Rc3 Nf5 39. R3c2 Nh6 40.
Ke2 a6 41. Kf3 Ra8 42. Rc3 Nf5 43. R3c2 a5 44. b5 Rac8 45. bxc6+ Rxc6 46. Rxc6
Rxc6 47. Rxc6 Kxc6 48. g4 Ng7 49. gxh5 gxh5 50. f5 Nxf5 51. Kf4 Nxh4 52. Kg5
Nf3+ 53. Kxh5 Nd2 54. Kg6 Nc4 55. Bc1 b5 56. Kf7 Kd7 57. Kf6 b4 58. axb4 axb4
59. Kg5 b3 0-1

[Event "Offenes Qualifikationsturnier"]
[Site "Berlin"]
[Date "2012.04.13"]
[Round "8.18"]
[White "Konrad, Erhard"]
[Black "Batzaya, Ayush"]
[Result "0-1"]
[WhiteElo "2012"]
[BlackElo "1936"]
[PlyCount "86"]
[EventDate "2012.??.??"]
[WhiteTeam "SG Lasker Steglitz-Wilmersdorf"]
[BlackTeam "SV Berolina Mitte"]

1. Nf3 Nf6 2. g3 c5 3. Bg2 Nc6 4. O-O e5 5. d3 d5 6. Nbd2 Bd6 7. e4 dxe4 8.
dxe4 O-O 9. c3 Qe7 10. Qe2 Rb8 11. Nc4 Bc7 12. Nh4 b5 13. Ne3 g6 14. Nd5 Nxd5
15. exd5 Nd8 16. Bh6 Re8 17. Qd2 f5 18. Bg5 Qf8 19. Bh6 Qe7 20. Bg5 Qd6 21. b4
cxb4 22. cxb4 Nf7 23. Be3 Bb6 24. Bxb6 Rxb6 25. Rfd1 e4 26. f4 Bb7 27. Rac1 Ra6
28. Rc5 Ra3 29. Qb2 Qa6 30. Rd2 Nd6 31. Bf1 e3 32. Rc7 Nf7 33. Rdc2 Bxd5 34.
Qd4 Be4 35. Qd7 Qe6 36. Qxe6 Rxe6 37. Rb2 Rd6 38. Rc1 Rd2 39. Rxd2 exd2 40. Rd1
Rxa2 41. Bxb5 Nd6 42. Be2 Kg7 43. Kf2 Bc2 0-1

[Event "Offenes Qualifikationsturnier"]
[Site "Berlin"]
[Date "2012.04.13"]
[Round "8.19"]
[White "Koenig, Frank"]
[Black "Inngauer, Wolfram"]
[Result "0-1"]
[WhiteElo "1966"]
[BlackElo "1886"]
[PlyCount "80"]
[EventDate "2012.??.??"]
[WhiteTeam "BSG 1827 Eckbauer"]
[BlackTeam "CFC Hertha 06"]

1. Nf3 c5 2. g3 g6 3. Bg2 Bg7 4. c4 Nc6 5. Nc3 Nf6 6. O-O O-O 7. d4 cxd4 8.
Nxd4 Qb6 9. Nb3 d6 10. Nd5 Nxd5 11. cxd5 Ne5 12. Bd2 Nc4 13. Qc2 Nxd2 14. Qxd2
Bd7 15. Rab1 a5 16. Nc1 Rfc8 17. Nd3 Bb5 18. b3 Qd4 19. Rfc1 b6 20. a4 Ba6 21.
Rc6 Rxc6 22. dxc6 Rc8 23. Rc1 Rc7 24. Qc2 Bxd3 25. exd3 Bh6 26. Rb1 d5 27. b4
axb4 28. Qa2 e6 29. a5 bxa5 30. Qxa5 Qa7 31. Qxb4 Rxc6 32. Qe1 Qc7 33. Bf1 Rc2
34. Ra1 Bf8 35. Qe3 Qc5 36. Qf3 Kg7 37. Rb1 Qa7 38. h4 Bc5 39. Be2 Qa2 40. Rb7
Qa1+ 0-1

[Event "Offenes Qualifikationsturnier"]
[Site "Berlin"]
[Date "2012.04.13"]
[Round "8.20"]
[White "Hohn, August"]
[Black "Cobanov, Ante"]
[Result "1-0"]
[WhiteElo "2046"]
[BlackElo "1817"]
[PlyCount "129"]
[EventDate "2012.??.??"]
[WhiteTeam "SC Zugzwang 95"]
[BlackTeam "SK Kroatische Gemeinde"]

1. c4 c5 2. g3 Nc6 3. Bg2 Nf6 4. Nc3 g6 5. Nf3 Bg7 6. O-O O-O 7. d4 cxd4 8.
Nxd4 Nxd4 9. Qxd4 a6 10. Qd2 Qa5 11. Nd5 Qd8 12. Rd1 Nxd5 13. Bxd5 Qb6 14. Rb1
d6 15. Bf3 Bf5 16. e4 Be6 17. b3 Rac8 18. Bb2 Qc6 19. Bxg7 Kxg7 20. Rbc1 Rc7
21. Qc3+ Kg8 22. e5 Qb6 23. exd6 exd6 24. Qd4 Qxd4 25. Rxd4 Rd8 26. Rcd1 Rcd7
27. h4 Kf8 28. Kf1 Ke7 29. Re1 Kf6 30. Red1 Ke7 31. g4 h6 32. g5 h5 33. Re1 Kf8
34. Rf4 Re8 35. Rd1 Red8 36. Rfd4 Ke7 37. Kg2 Rc8 38. Re1 Rcd8 39. Bd5 Re8 40.
Rde4 Kd8 41. Bxe6 fxe6 42. Rxe6 Rxe6 43. Rxe6 d5 44. cxd5 Rxd5 45. Rxg6 Rd2 46.
Rb6 Kc7 47. Rb4 Rxa2 48. Rf4 Re2 49. Rf7+ Kc6 50. Kf3 Rb2 51. Rf6+ Kc7 52. g6
Rxb3+ 53. Ke2 Rb4 54. f4 Re4+ 55. Kd3 Re8 56. g7 Rg8 57. Rg6 Kd7 58. f5 a5 59.
Ke4 a4 60. Ke5 a3 61. f6 Re8+ 62. Kf5 a2 63. Rg1 Rg8 64. Ra1 Ke8 65. Kg6 1-0

[Event "Offenes Qualifikationsturnier"]
[Site "Berlin"]
[Date "2012.04.14"]
[Round "9.1"]
[White "Schnabel, Ralf"]
[Black "Hoffmann, Peter"]
[Result "1-0"]
[WhiteElo "2215"]
[BlackElo "2040"]
[PlyCount "99"]
[EventDate "2012.??.??"]
[WhiteTeam "ESV Nickelhütte Aue"]
[BlackTeam "BSG 1827 Eckbauer"]

1. e4 c5 2. Nf3 e6 3. b3 Nf6 4. e5 Nd5 5. c4 Nb4 6. a3 N4c6 7. Bb2 Qc7 8. Be2
d6 9. exd6 Bxd6 10. Nc3 a6 11. Ne4 O-O 12. Nxd6 Qxd6 13. d4 cxd4 14. Nxd4 Nxd4
15. Qxd4 Qxd4 16. Bxd4 Nc6 {(=)} 17. Bc3 e5 18. O-O-O Bf5 19. b4 Rfc8 20. Kb2
Kf8 21. g3 f6 22. Rhe1 Rd8 23. f4 exf4 24. gxf4 Rxd1 25. Bxd1 Re8 26. Bf3 Rxe1
27. Bxe1 Bd7 28. a4 Nd8 29. b5 axb5 30. cxb5 Bc8 31. Bf2 Ne6 32. Be3 Ke7 33.
Kc3 Kd6 34. Kb4 f5 35. h4 g6 36. a5 Kc7 37. Kc4 Kd6 38. Bd2 Nd8 39. Bb4+ Kc7
40. Be7 Ne6 41. Bf6 Kd6 42. Be5+ Kd7 43. Bd5 Ke7 {(=)} 44. b6 Nd8 45. Kc5 Be6
46. Bxe6 Kxe6 47. Bc7 Kd7 48. Bxd8 Kxd8 49. Kd6 h6 50. a6 1-0

[Event "Offenes Qualifikationsturnier"]
[Site "Berlin"]
[Date "2012.04.14"]
[Round "9.2"]
[White "Bader, Arnd"]
[Black "Welz, Peter"]
[Result "0-1"]
[WhiteElo "1930"]
[BlackElo "2147"]
[PlyCount "78"]
[EventDate "2012.??.??"]
[WhiteTeam "SF Berlin 1903"]
[BlackTeam "SV Empor Berlin"]

1. d4 f5 2. e4 fxe4 3. Nc3 Nf6 4. g4 h6 5. f3 d5 6. Bf4 exf3 7. Qxf3 Bxg4 8.
Qg3 c6 9. Bd3 Na6 10. Bg6+ Kd7 11. Nf3 Kc8 12. Ne5 Be6 13. Nf7 Bxf7 14. Bxf7 b5
15. Be6+ Kb7 16. Qd3 Qa5 17. O-O Rd8 18. Qe2 Nc7 19. Bh3 Nce8 20. b4 Qxb4 21.
Nxb5 cxb5 22. Rab1 Qxd4+ 23. Be3 Qc4 24. Rxb5+ Ka6 25. Qxc4 dxc4 26. Rb4 Nd5
27. Ra4+ Kb5 28. Rxa7 Nxe3 29. Rb1+ Kc5 30. Ra5+ Kd4 31. Kf2 Ke4 32. Rbb5 Rd2+
33. Kg3 e6 34. Re5+ Kd4 35. Kf3 Nxc2 36. Re4+ Kc3 37. Bxe6 Nd6 38. Ree5 Be7 39.
Rec5 Nd4+ 0-1

[Event "Offenes Qualifikationsturnier"]
[Site "Berlin"]
[Date "2012.04.14"]
[Round "9.4"]
[White "Hahlbohm, Matthias"]
[Black "Penner, Markus"]
[Result "1-0"]
[WhiteElo "2075"]
[BlackElo "1964"]
[PlyCount "67"]
[EventDate "2012.??.??"]
[WhiteTeam "TSG Oberschöneweide"]
[BlackTeam "SK Zehlendorf"]

1. e4 e5 2. Nf3 Nc6 3. Bb5 a6 4. Ba4 Nf6 5. d3 b5 6. Bb3 Be7 7. c3 O-O 8. O-O
d5 9. Qe2 Bg4 10. Rd1 dxe4 11. dxe4 Qc8 12. Bg5 h6 13. Bh4 Nh5 14. Bxe7 Nxe7
15. g3 c5 16. Nbd2 c4 17. Bc2 Qc5 18. Nf1 Ng6 19. Rd5 Qb6 20. Ne3 Nhf4 21. gxf4
Nxf4 22. Qd1 Qg6 23. Kh1 Nxd5 24. exd5 e4 25. Nxg4 Qxg4 26. Nd4 Qxd1+ 27. Rxd1
Rfe8 28. a4 e3 29. f3 Re5 30. Nc6 e2 31. Re1 Re3 32. Kg2 Rd3 33. Kf2 Re8 34.
Rxe2 1-0

[Event "Offenes Qualifikationsturnier"]
[Site "Berlin"]
[Date "2012.04.14"]
[Round "9.5"]
[White "Sharenkov, Ilya"]
[Black "Krefenstein, Sergej"]
[Result "*"]
[WhiteElo "1839"]
[BlackElo "2006"]
[PlyCount "110"]
[EventDate "2012.??.??"]
[WhiteTeam "SG Grün-Weiß Baumschulenweg"]
[BlackTeam "TuS Makkabi Berlin"]

1. d4 Nf6 2. e3 e6 3. Bd3 b6 4. f4 Bb7 5. Nf3 Be7 6. O-O d6 7. Nbd2 c5 8. c3
Nbd7 9. Qe2 Nd5 10. c4 Nb4 11. Bb1 Qc7 12. e4 cxd4 13. Nxd4 a6 14. N2f3 Bf6 15.
a3 Nc6 16. Be3 Rc8 17. Ba2 O-O 18. Rac1 Nc5 19. Nxc6 Bxc6 20. Bxc5 bxc5 21.
Rce1 g6 22. e5 dxe5 23. fxe5 Bg7 24. Ng5 Rcd8 25. Rf2 Qe7 26. h4 h6 27. Nf3
Bxf3 28. Qxf3 Qxh4 29. b4 Qd4 30. Qe3 Qxe3 31. Rxe3 Rd1+ 32. Kh2 Rb8 33. Rb2
cxb4 34. axb4 Bf8 35. b5 Bc5 36. Ree2 axb5 37. Rxb5 {(=)} Rc8 38. Kg3 Rd3+ 39.
Kf4 g5+ 40. Kg4 Kg7 41. Bb1 Rd4+ 42. Re4 Rd1 43. Kf3 Rf1+ 44. Kg3 Rc7 45. Re2
Bd4 46. Ba2 h5 47. Rd2 Rf4 48. Re2 h4+ 49. Kh3 Kh6 50. Kh2 g4 51. g3 hxg3+ 52.
Kxg3 Kg5 53. Rh2 Re4 54. Rh7 Re3+ 55. Kg2 Re2+ *

[Event "Offenes Qualifikationsturnier"]
[Site "Berlin"]
[Date "2012.04.14"]
[Round "9.6"]
[White "Schmidt, Juergen"]
[Black "Hintze, Peter"]
[Result "1/2-1/2"]
[WhiteElo "2035"]
[BlackElo "2067"]
[PlyCount "65"]
[EventDate "2012.??.??"]
[WhiteTeam "SC Kreuzberg"]
[BlackTeam "SC Zugzwang 95"]

1. e4 c5 2. Nf3 d6 3. d4 cxd4 4. Nxd4 Nf6 5. Nc3 g6 6. Bc4 Bg7 7. Be3 O-O 8. f3
Nc6 9. Qd2 Nxd4 10. Bxd4 Be6 11. Nd5 Bxd5 12. Bxd5 Nxd5 13. Bxg7 Kxg7 14. exd5
Qb6 15. O-O-O Rac8 16. h4 h5 17. g4 Rh8 18. Kb1 Rc4 19. Qe2 Rb4 20. c3 Qb5 21.
Qf2 Rf4 22. Qe3 Rf6 23. g5 Rf5 24. f4 Rxd5 25. Qxe7 Rxd1+ 26. Rxd1 Qf5+ 27. Ka1
Qxf4 28. a3 Rc8 29. Rd4 Qe5 30. Qxb7 Rc5 31. Qxa7 Qe1+ 32. Ka2 Qe6+ 33. Ka1
1/2-1/2

[Event "Offenes Qualifikationsturnier"]
[Site "Berlin"]
[Date "2012.04.14"]
[Round "9.7"]
[White "Batzaya, Ayush"]
[Black "Huels, Marco"]
[Result "0-1"]
[WhiteElo "1936"]
[BlackElo "2058"]
[PlyCount "100"]
[EventDate "2012.??.??"]
[WhiteTeam "SV Berolina Mitte"]
[BlackTeam "SV Motor Wildau"]

1. e4 c5 2. c3 d5 3. exd5 Qxd5 4. Nf3 Nf6 5. d4 Bg4 6. Be2 e6 7. Na3 Nc6 8. Nb5
Qd7 9. Bf4 Nd5 10. Bg3 a6 11. a4 Bxf3 12. Bxf3 axb5 13. axb5 Rxa1 14. Qxa1 Nd8
15. dxc5 Bxc5 16. O-O O-O 17. c4 Nb4 18. Rd1 Qe7 19. Be5 f6 20. Bc3 Nf7 21. Qa4
Rd8 22. Re1 e5 23. Bxb7 Nd3 24. Bd5 Bxf2+ 25. Kf1 Bxe1 26. Bxe1 Nxe1 27. Kxe1
Qc5 28. Qb3 Rd6 29. Qc3 Kf8 30. b4 Qd4 31. Qxd4 exd4 32. Bb7 Rd7 33. Bc6 Rc7
34. c5 Rxc6 35. bxc6 Ke7 36. b5 Kd8 37. b6 Ne5 38. c7+ Kc8 39. Kd2 h5 40. Kc2
g5 41. Kd2 Nd7 42. Kd3 Nxc5+ 43. Kxd4 Nd7 44. Ke4 Nxb6 45. Kf5 Nd7 46. h4 gxh4
47. Kg6 Kxc7 48. Kxh5 Kd6 49. Kxh4 Ke5 50. g4 Kf4 0-1

[Event "Offenes Qualifikationsturnier"]
[Site "Berlin"]
[Date "2012.04.14"]
[Round "9.8"]
[White "Inngauer, Wolfram"]
[Black "Viehweger, Martin"]
[Result "1/2-1/2"]
[WhiteElo "1886"]
[BlackElo "2042"]
[PlyCount "62"]
[EventDate "2012.??.??"]
[WhiteTeam "CFC Hertha 06"]
[BlackTeam "SSV Rotation Berlin"]

1. d4 Nf6 2. Nc3 d5 3. Bg5 Nbd7 4. Qd3 g6 5. e4 dxe4 6. Nxe4 Bg7 7. O-O-O Nxe4
8. Qxe4 Nf6 9. Bxf6 Bxf6 10. Bc4 O-O 11. g4 Qd6 12. h4 a5 13. a3 Bd7 14. Nf3 b5
15. Bd5 Rad8 16. Ne5 Be6 17. Bxe6 Qxe6 18. h5 Bxe5 19. dxe5 Qa2 20. c3 Qe6 21.
Rde1 c5 22. Rh3 b4 23. axb4 axb4 24. hxg6 fxg6 25. Reh1 Rf7 26. c4 Qa6 27. e6
Qa1+ 28. Qb1 Qxb1+ 29. Kxb1 Rxf2 30. Rxh7 Rdd2 31. g5 Rxb2+ 1/2-1/2

[Event "Offenes Qualifikationsturnier"]
[Site "Berlin"]
[Date "2012.04.14"]
[Round "9.9"]
[White "Hohn, August"]
[Black "Rohrbach, Stefan"]
[Result "1/2-1/2"]
[WhiteElo "2046"]
[BlackElo "1863"]
[PlyCount "27"]
[EventDate "2012.??.??"]
[WhiteTeam "SC Zugzwang 95"]
[BlackTeam "BSG 1827 Eckbauer"]

1. c4 g6 2. Nc3 Bg7 3. g3 d6 4. Bg2 c6 5. Nf3 f5 6. d4 Nf6 7. O-O O-O 8. Qc2
Qc7 9. c5 Kh8 10. Bf4 a6 11. Rac1 Nh5 12. Bg5 dxc5 13. dxc5 h6 14. Bd2 1/2-1/2

[Event "Offenes Qualifikationsturnier"]
[Site "Berlin"]
[Date "2012.04.14"]
[Round "9.10"]
[White "Schildt, Rene"]
[Black "Koischwitz, Wanja"]
[Result "1-0"]
[WhiteElo "2041"]
[BlackElo "1838"]
[PlyCount "73"]
[EventDate "2012.??.??"]
[WhiteTeam "SC Zugzwang 95"]
[BlackTeam "Queer-Springer SSV Berlin"]

1. e4 Nf6 2. e5 Nd5 3. d4 d6 4. Nf3 dxe5 5. Nxe5 g6 6. Be2 Bg7 7. Nf3 O-O 8. h3
Nc6 9. c4 Nb6 10. Be3 Na5 11. Qc1 Re8 12. O-O Bf5 13. Nbd2 Nc6 14. Nb3 e5 15.
d5 Nb4 16. Ne1 e4 17. Nc5 Qc8 18. a3 Na6 19. Nxa6 bxa6 20. Nc2 Bxh3 21. gxh3
Qxh3 22. Bf4 g5 23. Qe3 Qf5 24. Bxc7 Nd7 25. Nd4 Qg6 26. Nc6 f5 27. Qb3 f4 28.
Bg4 Nc5 29. Qh3 Qf6 30. b4 Nd3 31. Rad1 Qc3 32. Bf5 h6 33. Rxd3 exd3 34. Qxd3
Qxd3 35. Bxd3 Rac8 36. d6 Rxc7 37. dxc7 1-0

[Event "Offenes Qualifikationsturnier"]
[Site "Berlin"]
[Date "2012.04.14"]
[Round "9.11"]
[White "Fartmann, Oliver"]
[Black "Skogvall, Martina"]
[Result "0-1"]
[WhiteElo "1903"]
[BlackElo "2063"]
[PlyCount "80"]
[EventDate "2012.??.??"]
[WhiteTeam "SG Grün-Weiß Baumschulenweg"]
[BlackTeam "SF Berlin 1903"]

1. d4 d5 2. c4 e6 3. Nf3 Nf6 4. g3 c6 5. Bg2 Be7 6. O-O O-O 7. Nc3 Nbd7 8. e3
Re8 9. Qc2 Bf8 10. Rd1 Nb6 11. Ne5 Nfd7 12. c5 Nxe5 13. cxb6 Ng6 14. bxa7 f5
15. f4 Rxa7 16. Na4 Bd7 17. Nc5 b6 18. Nxd7 Qxd7 19. Bf1 Ne7 20. b4 Nc8 21. a3
Bxb4 22. Bb2 Be7 23. Rdc1 Rc7 24. a4 Nd6 25. Ba3 Ne4 26. a5 bxa5 27. Bxe7 Qxe7
28. Rxa5 Rec8 29. Qa2 g5 30. Bd3 gxf4 31. Bxe4 fxe4 32. gxf4 Kh8 33. Rac5 Qg7+
34. Kh1 Rg8 35. Qf2 Qg4 36. R5c2 h5 37. Rf1 h4 38. Rcc1 Rcg7 39. Rxc6 h3 40.
Qg3 Qh5 0-1

[Event "Offenes Qualifikationsturnier"]
[Site "Berlin"]
[Date "2012.04.14"]
[Round "9.12"]
[White "Koerlin, Hans-Juergen"]
[Black "Mahler, Sonja"]
[Result "1-0"]
[WhiteElo "1859"]
[BlackElo "1635"]
[PlyCount "47"]
[EventDate "2012.??.??"]
[WhiteTeam "SC Kreuzberg"]
[BlackTeam "SC Kreuzberg"]

1. e4 e5 2. f4 d6 3. Nf3 Nd7 4. c3 Be7 5. d4 exd4 6. cxd4 c6 7. Nc3 b5 8. Bd3
a6 9. O-O h5 10. e5 Nf8 11. Qe2 d5 12. f5 Ra7 13. Bd2 h4 14. Rae1 Rh5 15. e6 f6
16. Ne5 Rh7 17. Nxc6 Qb6 18. Nxa7 Qxa7 19. Nxb5 Qb6 20. Kh1 axb5 21. Bxb5+ Kd8
22. a4 Bd6 23. Rc1 Ke7 24. Rxc8 1-0

[Event "Offenes Qualifikationsturnier"]
[Site "Berlin"]
[Date "2012.04.14"]
[Round "9.13"]
[White "Muenstermann, Claudia"]
[Black "Haase, Carsten"]
[Result "1-0"]
[WhiteElo "1792"]
[BlackElo "1653"]
[PlyCount "89"]
[EventDate "2012.??.??"]
[WhiteTeam "SC Weisse Dame"]
[BlackTeam "SV Königsjäger Süd-West"]

1. e4 c5 2. Nf3 Nc6 3. d4 cxd4 {(=)} 4. Nxd4 g6 5. c4 Bg7 6. Nc2 d6 7. Nc3 e6
8. Be3 b6 9. Qd2 Nf6 10. Be2 Bb7 11. O-O Qe7 12. f3 O-O 13. Bg5 Ba6 14. Rad1
Rfd8 15. Qe3 Qf8 16. Rd2 h6 17. Bh4 Rd7 18. Rfd1 Ne8 19. f4 Rc8 20. b3 f6 21.
e5 f5 22. exd6 Qf7 23. b4 Bb7 24. c5 Bf6 25. Bc4 Ng7 26. Bxf6 Qxf6 {(=)} 27.
Nb5 Ba6 28. a4 Rb8 29. Re1 Kf7 30. Qb3 bxc5 31. bxc5 Na5 32. Qd3 Nc6 33. Rde2
Nd8 34. Nc7 Bxc4 35. Qxc4 Rb2 36. Nd4 Rxe2 37. Rxe2 Kf8 38. Ncxe6+ Ngxe6 39.
Nxe6+ Nxe6 40. Rxe6 Qa1+ 41. Kf2 Qb2+ 42. Re2 Qb8 43. Qe6 Qb4 44. Qf6+ Rf7 45.
Qh8# 1-0

[Event "Offenes Qualifikationsturnier"]
[Site "Berlin"]
[Date "2012.04.14"]
[Round "9.14"]
[White "Preis, Alexander"]
[Black "Kostre, Margarita"]
[Result "0-1"]
[WhiteElo "1585"]
[BlackElo "1789"]
[PlyCount "60"]
[EventDate "2012.??.??"]
[WhiteTeam "SC Zugzwang 95"]
[BlackTeam "Schachpinguine Berlin"]

1. e4 e5 2. Nf3 Nc6 3. Bc4 Nf6 4. Ng5 d5 5. exd5 b5 6. dxc6 bxc4 7. Qe2 Qd5 8.
O-O Bd6 9. Nc3 Qxc6 10. Nge4 Bb7 11. f3 O-O-O 12. b3 Ba6 13. Nxf6 gxf6 14. b4
Bxb4 15. Qe4 Qxe4 16. fxe4 Bxc3 17. dxc3 Bb7 18. Rxf6 Rd1+ 19. Rf1 Rxf1+ 20.
Kxf1 Bxe4 21. g3 Bxc2 22. Bg5 f6 23. Bh4 Kd7 24. Ke2 Ke6 25. Ke3 Rd8 26. Rf1
Bf5 27. h3 Rd3+ 28. Ke2 Rxc3 29. Kd1 h5 30. Bxf6 Rxg3 0-1

[Event "Offenes Qualifikationsturnier"]
[Site "Berlin"]
[Date "2012.04.14"]
[Round "9.15"]
[White "Sandbrand, Alexandru"]
[Black "Agapova, Svetlana"]
[Result "1-0"]
[WhiteElo "1310"]
[BlackElo "1155"]
[PlyCount "29"]
[EventDate "2012.??.??"]
[WhiteTeam "SK Tempelhof 1931"]
[BlackTeam "Betriebsschach SK Präsident"]

1. e4 e5 2. Nf3 Nc6 3. Bc4 Bc5 4. c3 Nf6 5. d4 exd4 6. cxd4 Bb4+ 7. Nc3 Nxe4 8.
O-O Nxc3 9. bxc3 Bxc3 10. Qb3 Bxa1 11. Bxf7+ Kf8 12. Ba3+ Ne7 13. Ng5 d6 14.
Bg8 Bxd4 15. Qf7# 1-0

[Event "Offenes Qualifikationsturnier"]
[Site "Berlin"]
[Date "2012.04.14"]
[Round "9.16"]
[White "Schmalzried, Volker"]
[Black "Baranowsky, Peter"]
[Result "1-0"]
[WhiteElo "1842"]
[BlackElo "1954"]
[PlyCount "55"]
[EventDate "2012.??.??"]
[WhiteTeam "- ohne Verein -"]
[BlackTeam "SF Berlin 1903"]

1. c4 Nf6 2. d4 e6 3. Nc3 d5 4. cxd5 exd5 5. Nf3 c6 6. Bf4 Bd6 7. Be5 O-O 8. e3
Re8 9. Bd3 Bg4 10. Bxd6 Qxd6 11. h3 Bxf3 12. Qxf3 Qb4 13. Rb1 Ne4 14. Bxe4 dxe4
15. Qf5 Re6 16. O-O Qe7 17. d5 g6 18. Qf4 Re5 19. Rfd1 Na6 20. Rd4 Nc5 21. d6
Qe6 22. d7 Rd8 23. Rbd1 Nd3 24. Qh4 g5 25. Qh5 Rxd7 26. Rxd7 Qxd7 27. f4 Nxf4
28. exf4 1-0

[Event "Offenes Qualifikationsturnier"]
[Site "Berlin"]
[Date "2012.04.14"]
[Round "9.17"]
[White "Schmidek, Emil"]
[Black "Tscheuschner, Georg"]
[Result "1/2-1/2"]
[WhiteElo "1792"]
[BlackElo "1942"]
[PlyCount "67"]
[EventDate "2012.??.??"]
[WhiteTeam "TuS Makkabi Berlin"]
[BlackTeam "SG Grün-Weiß Baumschulenweg"]

1. e4 c5 2. Nf3 d6 3. d4 cxd4 4. Nxd4 Nf6 5. Nc3 a6 6. Bg5 e6 7. f4 Be7 8. Qf3
Qc7 9. O-O-O Nbd7 10. Bd3 h6 11. Bh4 b5 12. e5 Bb7 13. Qg3 dxe5 14. Nxe6 fxe6
15. Qxg7 O-O-O 16. Qxe7 Rde8 17. Qf7 Rhf8 18. Qg6 b4 19. Bxf6 bxc3 20. Bxe5
Nxe5 21. fxe5 cxb2+ 22. Kb1 Rg8 23. Qh5 Ref8 24. Qxh6 Bd5 25. Bxa6+ Kb8 26. Qd2
Rxg2 27. Qb4+ Ka7 28. Bd3 Rff2 29. Qa4+ Kb8 30. Qb5+ Kc8 31. Qe8+ Kb7 32. Qb5+
Kc8 33. Qe8+ Kb7 34. Qb5+ 1/2-1/2